[Event "GER-ch Net qual3 U18"]
[Site "Playchess.com INT"]
[Date "2009.05.17"]
[Round "2"]
[White "Borchert, Finn"]
[Black "Von Renesse, Konstantin"]
[Result "1-0"]
[WhiteElo "1755"]
[BlackElo "1431"]
[PlyCount "85"]
[EventDate "2009.05.17"]
[EventType "swiss (blitz)"]
[EventRounds "7"]
[EventCountry "GER"]
[SourceTitle "CBM 130 Extra"]
[Source "ChessBase"]
[SourceDate "2009.07.02"]
[SourceVersion "2"]
[SourceVersionDate "2009.07.15"]
[SourceQuality "1"]

1. c4 c6 2. Nc3 d5 3. cxd5 cxd5 4. d4 Nf6 5. g3 e6 6. Bg2 Bb4 7. Nf3 Ne4 8. Qc2 Bxc3+ 9. bxc3 Qc7 10. Bb2 Nc6 11. c4 dxc4 12. Qxe4 Qa5+ 13. Kf1 c3 14. Bc1 Bd7 15. Ne5 Nxe5 16. Qxe5 Qxe5 17. dxe5 Bc6 18. Bxc6+ bxc6 19. Ba3 Rb8 20. Kg2 f6 21. exf6 gxf6 22. Rac1 Kf7 23. Rxc3 Rhd8 24. Rxc6 Rd2 25. Rc7+ Kg6 26. Rxa7 Rxa2 27. Bc5 Rxe2 28. Rha1 Rc8 29. Be3 Rc3 30. Bb6 Rb3 31. R7a6 Reb2 32. Ba7 Rd3 33. Rxe6 Kf5 34. Rb6 Rc2 35. Rb5+ Kg6 36. h4 Rdd2 37. h5+ Kg7 38. Rb7+ Kg8 39. Rab1 Ra2 40. Rb8+ Kg7 41. R1b7+ Kh6 42. Be3+ Kxh5 43. Bxd2 1-0